1071 1459 1643 1603 1262 1025 1683 1295 1255 1163 1620 1996 1543 1061 1938 1579 1634 1973 1643 1862 1289 1003 1214 1068 1120 1807 1822 1375 1153 1476 1479 1099 1093 1390 1648 1641 1138 1909 1943 1821 1209 1804 1429 1395 1614 1674 1927 1205 1846 1757 1847 1429 1041 1337 1314 1046 1785 1554 1028 1797 1821 1736 1243 1769 1536 1582 1923 1368 1348 1948 1864 1186 1845 1862 1690 1515 1129 1259 1191 1461 1553 1111 1053 1439 1185 1063 1381 1696 1991 1098 1217 1191 1865 1719 1478 1784 1222 1506 1375 BCNSPRNW ULIB Ver.6.0+V

เปลี่ยนเป็นภาษาไทย

Change to English
 แสดงรายละเอียดบรรณานุกรม
  กลับหน้าหลัก

Brief Record : Get Marc (ISO 2709) : E-mail record : QR code < ปิดหน้าต่าง
LEADER : 00000nam 2200000uu 4500
001    13399115072
003     ULIB
008    120709s2550||||th 000 0 tha d
020    ^a9789744723628
090    ^aนว.^bร930ฮ ล.1 2550
100 0  ^aโรว์ลิ่ง, เจ.เค.
245 00 ^aแฮร์รี่ พอตเตอร์ กับศิลาอาถรรพ์ เล่ม 1/^cโรว์ลิ่ง, เจ.เค.
250    ^aพิมพ์ครั้งที่ 27
260    ^aกรุงเทพฯ :^bนานมีบุ๊คส์,^c2550
300    ^a375 หน้า
710 1  ^aนานมีบุ๊คส์
945    ^p195^l0^i14049
995    ^aกัณชพร
999    ^aใช้งานได้ทุกระบบ
รายการนี้ยังไม่มีแท็ก
คุณยังไม่ได้ล็อกอิน คุณสามารถมีกิจกรรมร่วมกับเว็บไซต์ได้ แต่ต้องล็อกอินก่อน ::
  ล็อกอิน

รายการสื่อสารสนเทศ

ลำดับที่ ประเภท เลขเรียก/บาร์โค้ด สถานที่ สถานะ
1. วิทยาศาสตร์การแพทย์ และสุขภาพ
วิทยาศาสตร์การแพทย์ และสุขภาพ
นว. ร930ฮ ล.1 2550  
  Barcode: 14049
ห้องสมุดวิทยาเขตสวรรค์ประชารักษ์
►นวนิยาย
บนชั้น
  ขอยืม

รายการใกล้เคียง
    ผู้แต่ง [โรว์ลิ่ง, เจ.เค.]

BibComment


ยังไม่เคยถูกคอมเมนท์

คอมเมนท์ทรัพยากรรายการนี้
  คอมเมนท์: แฮร์รี่ พอตเตอร์..


 Copyright 2026. Bcnsprnw @Library